000
00212 a2200097 4500
001
58494
100
_a
245
_a
Physics of the atom
260
_a
California
_b
wesley publishing
_c
1967
090
_c
35874
_d
35874
942
_a
NUST-CAE
_c
_c
28751
999
_c
293567
_d
293567